• 首页
  • 本馆介绍
  • 公告通知
  • 最新文献
  • 馆藏检索
  • 电子资源
  • 读者导购
  • 参考咨询
  • 我的图书馆
  • 登录
  • 详细信息显示
  • 放入我的书架
  • 预约/预借图书
  • 作者相关作品
  • 分类相关作品
  • 丛书相关作品
  • 出版社相关作品

书目信息

  • 表格格式
  • 工作单格式
  • 卡片格式
题名:
法语常用词词典
    
 
作者: 翁仲福 编
分册:  
出版信息: 北京   知识出版社  1985
页数: 538页
开本: 20cm
丛书名:
单 册:
中图分类: H326 , H323.1
科图分类:
主题词: 法语--词典
电子资源:
ISBN:
000 00641nam0 2200241 45
001 0185013857
005 20040508161057.3
010    @dCNY2.80
100    @a19951031d1985 em y0chiy0121 ea
101 0  @achi
102    @aCN@b110000
105    @ay e 000yy
106    @ar
200 10 @a法语常用词词典@e例解@Afa yu chang yong ci ci dian@f翁仲福编
210    @a北京@c知识出版社@d1985
215    @a538页@d20cm
606    @a法语@x词典
690    @aH326@v3
690    @aH323.1
701  0 @a翁仲福@4编@Aweng zhong fu
801  0 @aCN@b深圳图书馆@c20040508
801  2 @aCN@bNLC@c20040508
905    @f3@b154335-337@f2@b152650-651@dH323.1@e22
    
    法语常用词词典:例解/翁仲福编.-北京:知识出版社,1985
    538页;20cm
    
    
    ISBN :CNY2.80
    
●
相关链接 在E读中查询图书 在五车中查询图书 在当当中查询图书 在豆瓣中查询图书


正题名:法语常用词词典     索取号:H323.1/22         预约/预借

序号 登录号 条形码 馆藏地/架位号 状态 备注
1 0152650   001133838   第四借阅区/ [索取号:H323.1/22] 在馆    
2 0152651   001133829   第四借阅区/ [索取号:H323.1/22] 在馆    
3 0152652   001133810   第二样本阅览室/ [索取号:H323.1/22] 在馆    
4 0154335   001133883   第四借阅区/ [索取号:H323.1/22] 在馆    
5 0154336   001133847   第四借阅区/ [索取号:H323.1/22] 在馆    
6 0154337   001133776   第四借阅区/ [索取号:H323.1/22] 在馆    
唐山师范学院图书馆 欢迎您!
大连网信软件有限公司© 版权所有